Sabrina Carpenter...Or Ariana Grande - Statistics

General Stats
  • This quiz has been taken 4,699 times
  • The average score is 26 of 30
Answer Stats
Hint Answer % Correct
Thank U, Next Ariana Grande
95%
7 Rings Ariana Grande
95%
God Is A Woman Ariana Grande
94%
Dangerous Woman Ariana Grande
93%
Please Please Please Sabrina Carpenter
93%
Into You Ariana Grande
92%
Yes, And? Ariana Grande
92%
No Tears Left To Cry Ariana Grande
92%
Side To Side Ariana Grande
92%
Taste Sabrina Carpenter
92%
Juno Sabrina Carpenter
92%
Break Free Ariana Grande
91%
One Last Time Ariana Grande
91%
Nonsense Sabrina Carpenter
91%
Bed Chem Sabrina Carpenter
91%
Feather Sabrina Carpenter
90%
Break Up With Your Girlfriend (I'm Bored) Ariana Grande
89%
Because I Liked A Boy Sabrina Carpenter
89%
Thumbs Sabrina Carpenter
87%
Good Graces Sabrina Carpenter
87%
Pov Ariana Grande
86%
The Boy Is Mine Ariana Grande
86%
Tornado Warnings Sabrina Carpenter
82%
Sweetener Ariana Grande
81%
Bye Ariana Grande
80%
Don't Smile Sabrina Carpenter
80%
Looking At Me Sabrina Carpenter
75%
Vicious Sabrina Carpenter
74%
Eyes Wide Open Sabrina Carpenter
72%
Bet U Wanna Sabrina Carpenter
66%
No matching quizzes found
Score Distribution
Percent of People with Each Score
Percentile by Number Answered
Your Score History
You have not taken this quiz